Commentaire de l’article « Should we continue to teach standard written algorithms for the arithmetical operations? The example of subtraction » (notice n° 1579865)

détails MARC
000 -LEADER
fixed length control field 03231cam a2200241 4500500
005 - DATE AND TIME OF LATEST TRANSACTION
control field 20251228050123.0
041 ## - LANGUAGE CODE
Language code of text/sound track or separate title fre
042 ## - AUTHENTICATION CODE
Authentication code dc
100 10 - MAIN ENTRY--PERSONAL NAME
Personal name Fischer, Jean-Paul
Relator term author
245 00 - TITLE STATEMENT
Title Commentaire de l’article « Should we continue to teach standard written algorithms for the arithmetical operations? The example of subtraction »
260 ## - PUBLICATION, DISTRIBUTION, ETC.
Date of publication, distribution, etc. 2019.<br/>
500 ## - GENERAL NOTE
General note 69
520 ## - SUMMARY, ETC.
Summary, etc. L’adolescent réputé difficile manifeste une hostilité à l’égard de ses aînés. Il semble apparemment désireux de les dominer. Or, une lecture métapsychologique montre qu’au fond le sujet s’efforce de s’appuyer sur le cadre qu’il essaie manifestement de briser. Il a inconsciemment besoin de s’assurer que les personnes ayant autorité sur lui peuvent l’aider à endiguer sa propre destructivité. Dans cet article, le cas d’une adolescente mettant à mal son cadre familial et thérapeutique témoigne de la fonction messagère de l’agressivité contre les adultes. La confrontation qui s’opère avec eux a une fonction structurante, nécessaire au déroulement du processus d’adolescence. Sans le savoir, le sujet interpelle l’autorité des adultes, dans ce qu’elle implique d’une différence générationnelle. Lorsqu’il s’attaque à ses aînés, l’adolescent leur demande inconsciemment de l’aider à se différencier d’eux. Il oblige son environnement à poser les limites externes qui font défaut à son fonctionnement interne. Symptomatiquement, les attaques du cadre questionnent aussi les spécificités actuelles de l’autorité et ses aléas.
520 ## - SUMMARY, ETC.
Summary, etc. A teen considered to be difficult shows hostility towards his/her elders. He/She apparently seems anxious to dominate them. Yet, a metapsychological interpretation demonstrates that he/she actually exerts to build on the framework he/she obviously tries to destroy. He/She unconsciously needs to ensure that the persons having authority upon him/her can help him/her to contain his/her own destructiveness. In this article, the case of a teenage girl undermining her family and therapeutic environment manifests the messenger function of aggressivity against adults. The confrontation taking place with them has a structuring function for the adolescence process cycle. Without knowing it, the individual questions the adult authority involving a difference of generations. When he/she attacks his/her elders, the teenager is unconsciously asking them to help him/her not to be like them. He/She obliges his/her environment to set the outer limits that are lacking in his/her inner way of being. Symptomatically, the attacks against the framework are also questioning the actual specificities of the authority, and its hazards.
700 10 - ADDED ENTRY--PERSONAL NAME
Personal name Vilette, Bruno
Relator term author
700 10 - ADDED ENTRY--PERSONAL NAME
Personal name Joffredo-Lebrun, Sophie
Relator term author
700 10 - ADDED ENTRY--PERSONAL NAME
Personal name Morellato, Mireille
Relator term author
700 10 - ADDED ENTRY--PERSONAL NAME
Personal name Le Normand, Céline
Relator term author
700 10 - ADDED ENTRY--PERSONAL NAME
Personal name Scheibling-Seve, Calliste
Relator term author
700 10 - ADDED ENTRY--PERSONAL NAME
Personal name Richard, Jean-François
Relator term author
786 0# - DATA SOURCE ENTRY
Note Bulletin de psychologie | uméro 562 | 4 | 2019-07-29 | p. 315-316 | 0007-4403
856 41 - ELECTRONIC LOCATION AND ACCESS
Uniform Resource Identifier <a href="https://shs.cairn.info/revue-bulletin-de-psychologie-2019-4-page-315?lang=fr&redirect-ssocas=7080">https://shs.cairn.info/revue-bulletin-de-psychologie-2019-4-page-315?lang=fr&redirect-ssocas=7080</a>

Pas d'exemplaire disponible.

PLUDOC

PLUDOC est la plateforme unique et centralisée de gestion des bibliothèques physiques et numériques de Guinée administré par le CEDUST. Elle est la plus grande base de données de ressources documentaires pour les Étudiants, Enseignants chercheurs et Chercheurs de Guinée.

Adresse

627 919 101/664 919 101

25 boulevard du commerce
Kaloum, Conakry, Guinée

Réseaux sociaux

Powered by Netsen Group @ 2025